Technische Revolution und Ökonomie der Produktionsfonds

Gorde:
Xehetasun bibliografikoak
Egile nagusia: Nick, Harry
Formatua: Liburua
Hizkuntza:Undetermined
Argitaratua: Berlin Dietz 1967
Gaiak:
Etiketak: Etiketa erantsi
Etiketarik gabe, Izan zaitez lehena erregistro honi etiketa jartzen!
Thư viện lưu trữ: Trung tâm Học liệu Trường Đại học Cần Thơ
LEADER 00503nam a2200181Ia 4500
001 CTU_226270
008 210402s9999 xx 000 0 und d
082 |a 330 
082 |b N632 
100 |a Nick, Harry 
245 0 |a Technische Revolution und Ökonomie der Produktionsfonds 
245 0 |c Harry Nick 
260 |a Berlin 
260 |b Dietz 
260 |c 1967 
650 |a Kinh tế học Marxian,Marxian economics 
910 |b nthai 
980 |a Trung tâm Học liệu Trường Đại học Cần Thơ